<?xml version="1.0" encoding="UTF-8"?>
<record
    xmlns:xsi="http://www.w3.org/2001/XMLSchema-instance"
    xsi:schemaLocation="http://www.loc.gov/MARC21/slim http://www.loc.gov/standards/marcxml/schema/MARC21slim.xsd"
    xmlns="http://www.loc.gov/MARC21/slim">

  <leader>03120nam a2200577Ia 4500</leader>
  <controlfield tag="001">868</controlfield>
  <controlfield tag="008">241029s9999    xx            000 0 und d</controlfield>
  <datafield tag="010" ind1=" " ind2=" ">
    <subfield code="a">790</subfield>
  </datafield>
  <datafield tag="041" ind1=" " ind2=" ">
    <subfield code="a">Espa&#xF1;ol</subfield>
  </datafield>
  <datafield tag="082" ind1=" " ind2=" ">
    <subfield code="a">NO APLICA</subfield>
  </datafield>
  <datafield tag="245" ind1=" " ind2="0">
    <subfield code="a">Capacitaci&#xF3;n de los docentes en el uso de las TICs en el Centro Educativo John F. Kennedy de Jaib&#xF3;n Mao. A&#xF1;o escolar 2012-2013.</subfield>
  </datafield>
  <datafield tag="260" ind1=" " ind2=" ">
    <subfield code="a">Valverde</subfield>
  </datafield>
  <datafield tag="300" ind1=" " ind2=" ">
    <subfield code="a">73</subfield>
  </datafield>
  <datafield tag="520" ind1=" " ind2=" ">
    <subfield code="a">30</subfield>
  </datafield>
  <datafield tag="630" ind1=" " ind2=" ">
    <subfield code="a">Desempe&#xF1;o Docente</subfield>
  </datafield>
  <datafield tag="630" ind1=" " ind2=" ">
    <subfield code="a">Desempe&#xF1;o Profesional</subfield>
  </datafield>
  <datafield tag="630" ind1=" " ind2=" ">
    <subfield code="a">Docentes</subfield>
  </datafield>
  <datafield tag="630" ind1=" " ind2=" ">
    <subfield code="a">Percepci&#xF3;n de los Estudiantes</subfield>
  </datafield>
  <datafield tag="630" ind1=" " ind2=" ">
    <subfield code="a">Programa de Profesionalizaci&#xF3;n</subfield>
  </datafield>
  <datafield tag="650" ind1=" " ind2=" ">
    <subfield code="a">Tecnolog&#xED;a de la Informaci&#xF3;n y de la Comunicaci&#xF3;n (TICs)</subfield>
  </datafield>
  <datafield tag="690" ind1=" " ind2=" ">
    <subfield code="a">Elaborado</subfield>
  </datafield>
  <datafield tag="700" ind1=" " ind2=" ">
    <subfield code="e">asesor</subfield>
    <subfield code="a">P&#xE9;rez, Odalis </subfield>
  </datafield>
  <datafield tag="700" ind1=" " ind2=" ">
    <subfield code="e">autor</subfield>
    <subfield code="a">Vargas Carrasco , Jos&#xE9; Rafael</subfield>
  </datafield>
  <datafield tag="700" ind1=" " ind2=" ">
    <subfield code="e">autor</subfield>
    <subfield code="a">Pe&#xF1;a Dom&#xED;nguez, Kendy Raquel</subfield>
  </datafield>
  <datafield tag="901" ind1=" " ind2=" ">
    <subfield code="a">{"1":"Vargas Carrasco ","2":"Pe&#xF1;a Dom&#xED;nguez"}</subfield>
    <subfield code="b">{"1":"Jos&#xE9; Rafael","2":"Kendy Raquel"}</subfield>
  </datafield>
  <datafield tag="902" ind1=" " ind2=" ">
    <subfield code="a">1</subfield>
  </datafield>
  <datafield tag="903" ind1=" " ind2=" ">
    <subfield code="a">{"1":"P&#xE9;rez"}</subfield>
    <subfield code="b">{"1":"Odalis "}</subfield>
  </datafield>
  <datafield tag="904" ind1=" " ind2=" ">
    <subfield code="a">Maestr&#xED;a en</subfield>
  </datafield>
  <datafield tag="905" ind1=" " ind2=" ">
    <subfield code="a">Gesti&#xF3;n de Centros Educativos</subfield>
  </datafield>
  <datafield tag="906" ind1=" " ind2=" ">
    <subfield code="a">2</subfield>
  </datafield>
  <datafield tag="907" ind1=" " ind2=" ">
    <subfield code="a">NO APLICA</subfield>
  </datafield>
  <datafield tag="908" ind1=" " ind2=" ">
    <subfield code="a">NO APLICA</subfield>
  </datafield>
  <datafield tag="909" ind1=" " ind2=" ">
    <subfield code="a">Universidad Aut&#xF3;noma de Santo Domingo (UASD)</subfield>
  </datafield>
  <datafield tag="910" ind1=" " ind2=" ">
    <subfield code="a">NULL</subfield>
    <subfield code="b">NULL</subfield>
  </datafield>
  <datafield tag="911" ind1=" " ind2=" ">
    <subfield code="a">["1"]</subfield>
  </datafield>
  <datafield tag="912" ind1=" " ind2=" ">
    <subfield code="a">NO APLICA</subfield>
  </datafield>
  <datafield tag="913" ind1=" " ind2=" ">
    <subfield code="a">NULL</subfield>
  </datafield>
  <datafield tag="914" ind1=" " ind2=" ">
    <subfield code="a">01 de Abril de 2013</subfield>
  </datafield>
  <datafield tag="915" ind1=" " ind2=" ">
    <subfield code="a">14/11/19 04:11</subfield>
  </datafield>
  <datafield tag="916" ind1=" " ind2=" ">
    <subfield code="a">NULL</subfield>
  </datafield>
  <datafield tag="917" ind1=" " ind2=" ">
    <subfield code="a">NULL</subfield>
  </datafield>
  <datafield tag="918" ind1=" " ind2=" ">
    <subfield code="a">NO APLICA</subfield>
  </datafield>
  <datafield tag="919" ind1=" " ind2=" ">
    <subfield code="a">["62","63","70","154","170"]</subfield>
  </datafield>
  <datafield tag="520" ind1=" " ind2=" ">
    <subfield code="a">El objetivo principal de este estudio consiste en dise&#xF1;ar un sistema de capacitaciones que contribuya a elevar la preparaci&#xF3;n de los docentes en el uso de la Tecnolog&#xED;a de la Informaci&#xF3;n &#xA0;y Comunicaci&#xF3;n (TICs) en el Centro Educativo John F. Kennedy.Esta investigaci&#xF3;n es guiada por el m&#xE9;todo general dial&#xE9;ctico materialista. Los m&#xE9;todos utilizados fueron el historiol&#xF3;gico, inductivo-deductivo, anal&#xED;tico-sint&#xE9;tico, an&#xE1;lisis documental y el sist&#xE9;mico. Los m&#xE9;todos emp&#xED;ricos empleados fueron la observaci&#xF3;n, encuesta y el estad&#xED;stico la poblaci&#xF3;n de este estudio comprende veinticuatro (24) profesores del Segundo Ciclo y un (1) director, la muestra fue el 100% de la poblaci&#xF3;n.&#xA0;Se plante&#xF3; un sistema de capacitaci&#xF3;n factible seg&#xFA;n el criterio de los especialistas y contribuye al desarrollo Institucional del Centro, pues logr&#xF3; el desarrollo de las habilidades en el uso y manejo de las TICs &#xA0;lo cual se evidencia en los resultados positivos en todos los indicadores, observ&#xE1;ndose avances en la motivaci&#xF3;n, uso de las redes sociales, uso y manejo de programas, dominios de los medios audiovisuales. La sistematizaci&#xF3;n t&#xE9;cnica posibilit&#xF3; la preparaci&#xF3;n pedag&#xF3;gica de los docentes en el uso de las TICs y sus operaciones y dimensiones e indicadores que favoreci&#xF3; su diagn&#xF3;stico y desarrollo.El estudio recomienda, aplicar completamente el sistema de capacitaci&#xF3;n a todos los profesores del Nivel B&#xE1;sico del Centro Educativo John F. Kennedy. &#xA0;&#xA0;</subfield>
  </datafield>
  <datafield tag="921" ind1=" " ind2=" ">
    <subfield code="a">16</subfield>
  </datafield>
  <datafield tag="922" ind1=" " ind2=" ">
    <subfield code="a">16</subfield>
  </datafield>
  <datafield tag="923" ind1=" " ind2=" ">
    <subfield code="a">0</subfield>
  </datafield>
  <datafield tag="924" ind1=" " ind2=" ">
    <subfield code="a">NO APLICA</subfield>
  </datafield>
  <datafield tag="942" ind1=" " ind2=" ">
    <subfield code="c">Tesis</subfield>
  </datafield>
  <datafield tag="999" ind1=" " ind2=" ">
    <subfield code="c">790</subfield>
    <subfield code="d">790</subfield>
  </datafield>
</record>
